| 000 | 00754nam a22002292 4500 | ||
|---|---|---|---|
| 001 | 0000024169 | ||
| 005 | 20151021151151.0 | ||
| 008 | 130614s xx 000 0 eng d | ||
| 020 | _a0077129970 : | ||
| 040 |
_aKABU _cKABU |
||
| 100 | 1 |
_aBlumberg, Boris. _@0000184191 |
|
| 245 | 1 | 0 |
_aBusiness research methods / _cBoris Blumberg, Donald R. Cooper and Pamela S. Schindler. |
| 250 | _a3rd ed. | ||
| 260 |
_aLondon : _bMcGraw-Hill, _c2011. |
||
| 300 | _a1 v. (various paging) ; | ||
| 650 | 0 |
_aIndustrial management _xResearch. _@0000150654 |
|
| 700 | 1 |
_aCooper, Donald R. _@0000150652 |
|
| 700 | 1 |
_aSchindler, Pamela S. _@0000184192 |
|
| 852 | 1 | _9p2500 KES | |
| 908 | _a130614 | ||
| 950 | _@1 | ||
| 999 |
_c1413 _d1413 |
||